Language Quiz

Random Language Quiz

Words in Words 2 Quiz Stats

 Plays Quiz not verified by Sporcle

Support Sporcle.
Go Orange.
Score 0/84 Timer 10:00
0 Plays Today
% Correct
shin
92.3%
hen
89.7%
sin
89.7%
lin
87.2%
gin
84.6%
she
84.6%
gen
79.5%
sing
79.5%
hin
76.9%
line
76.9%
leg
74.4%
shine
74.4%
his
71.8%
lie
71.8%
gel
69.2%
lis
69.2%
hens
66.7%
legs
64.1%
lines
64.1%
shingle
64.1%
eng
61.5%
lies
61.5%
sling
61.5%
sen
59%
gins
59%
hins
56.4%
sine
56.4%
hie
51.3%
% Correct
hes
48.7%
gels
48.7%
gens
48.7%
glen
48.7%
hinge
48.7%
lei
46.2%
nil
46.2%
ling
46.2%
ins
43.6%
hinges
43.6%
single
43.6%
les
41%
neg
41%
lins
41%
els
38.5%
seg
38.5%
hies
38.5%
leis
38.5%
sign
38.5%
ens
35.9%
gie
35.9%
engs
35.9%
isle
35.9%
nils
35.9%
sei
33.3%
neigh
33.3%
sleigh
33.3%
No hablé inglés
33.3%
% Correct
ghi
30.8%
sel
30.8%
lens
30.8%
singe
30.8%
gies
28.2%
negs
28.2%
lings
28.2%
neighs
25.6%
ghis
23.1%
heil
23.1%
nigh
23.1%
glens
23.1%
shiel
23.1%
lien
20.5%
ingle
20.5%
sigh
17.9%
liens
17.9%
ingles
17.9%
heils
15.4%
nighs
15.4%
gien
7.7%
egis
5.1%
hisn
5.1%
elhi
2.6%
sinh
2.6%
lenis
2.6%
segni
2.6%
sengi
2.6%

You're not logged in!

Compare scores with friends on all Sporcle quizzes.
OR
Log In

From the Vault

First Five: Literature

by teedslaststand

This is one for the books.
Remove Ads.
Support Sporcle.
Get the best of Sporcle when you Go Orange. This ad-free experience offers more features, more stats, and more fun while also helping to support Sporcle. Thank you for becoming a member.

Show Comments

Extras

Created Mar 15, 2011SourceReportNominate
Tags:English, found

Top Quizzes Today


Score Distribution

Your Account Isn't Verified!

In order to create a playlist on Sporcle, you need to verify the email address you used during registration. Go to your Sporcle Settings to finish the process.

Report this User

Report this user for behavior that violates our Community Guidelines.

Details: